An Introduction to the Profession of Social Work: (Record no. 11737)
[ view plain ]
| 000 -LEADER | |
|---|---|
| fixed length control field | 00828nam a22002417i 4500 |
| 003 - CONTROL NUMBER IDENTIFIER | |
| control field | URS |
| 005 - DATE AND TIME OF LATEST TRANSACTION | |
| control field | 20220117094722.0 |
| 008 - FIXED-LENGTH DATA ELEMENTS--GENERAL INFORMATION | |
| fixed length control field | 200123b ||||| |||| 00| 0 eng d |
| 020 ## - INTERNATIONAL STANDARD BOOK NUMBER | |
| International Standard Book Number | 9781337567046 |
| 040 ## - CATALOGING SOURCE | |
| Original cataloging agency | DLC |
| Language of cataloging | eng |
| Description conventions | rda |
| Transcribing agency | DMLUC |
| Modifying agency | URSR |
| 050 00 - LIBRARY OF CONGRESS CALL NUMBER | |
| Classification number | HV 40 |
| Item number | Se1 2019 |
| 100 ## - MAIN ENTRY--PERSONAL NAME | |
| Personal name | Elizabeth A. Segal |
| 245 10 - TITLE STATEMENT | |
| Title | An Introduction to the Profession of Social Work: |
| Remainder of title | Becoming a Change Agent/ |
| Statement of responsibility, etc. | Elizabeth A. Segal, Karen E. Gerdes, Sue Steiner |
| 250 ## - EDITION STATEMENT | |
| Edition statement | Six Edition |
| 264 #1 - PRODUCTION, PUBLICATION, DISTRIBUTION, MANUFACTURE, AND COPYRIGHT NOTICE | |
| Place of production, publication, distribution, manufacture | Boston: |
| Name of producer, publisher, distributor, manufacturer | Cengage Learning, Incorporated |
| Date of production, publication, distribution, manufacture, or copyright notice | 2019. |
| 336 ## - CONTENT TYPE | |
| Content type term | text |
| Content type code | txt |
| Source | rdacontent |
| 337 ## - MEDIA TYPE | |
| Media type term | unmediated |
| Media type code | n |
| Source | rdamedia |
| 338 ## - CARRIER TYPE | |
| Carrier type term | volume |
| Carrier type code | nc |
| Source | rdacarrier |
| 300 ## - PHYSICAL DESCRIPTION | |
| Extent | 522 pages; |
| Other physical details | Colored and illustration, |
| Dimensions | 23.5 |
| 504 ## - BIBLIOGRAPHY, ETC. NOTE | |
| Bibliography, etc. note | includes Appendix, Glossary and index |
| 650 ## - SUBJECT ADDED ENTRY--TOPICAL TERM | |
| Source of heading or term | Social Work - Social Services |
| 942 ## - ADDED ENTRY ELEMENTS (KOHA) | |
| Source of classification or shelving scheme | Library of Congress Classification |
| Koha item type | Reference |
| Withdrawn status | Source of classification or shelving scheme | Damaged status | Not for loan | Home library | Current library | Shelving location | Date acquired | Source of acquisition | Total Checkouts | Full call number | Barcode | Date last seen | Price effective from | Koha item type |
|---|---|---|---|---|---|---|---|---|---|---|---|---|---|---|
| Library of Congress Classification | Rodriguez College Library | Rodriguez College Library | Reference | 01/23/2020 | Purchased | HV 40 Se1 2019 | URSROD-4750 | 01/24/2020 | 01/23/2020 | Foreign Books |